Statistics for Every College Football Team Ever Ranked on the Final AP Poll

Click here to take the quiz!

General Stats

  • This quiz has been taken 72 times
  • The average score is 89 of 144

Answer Stats

Finishes in Top 25Answer% Correct
60Alabama
98%
63Michigan
98%
1Ohio
98%
62Ohio State
98%
41Georgia
97%
61Oklahoma
97%
7Penn
97%
50Texas
97%
19Oregon
95%
34Florida
94%
45Tennessee
94%
28Texas A&M
94%
44Penn State
92%
32UCLA
92%
51USC
92%
36Clemson
90%
34Florida State
90%
1George Washington
90%
28Michigan State
90%
17North Carolina
90%
27Washington
90%
7Kansas
89%
58Notre Dame
89%
16Oklahoma State
89%
11Oregon State
89%
12Washington State
89%
26Wisconsin
89%
7Arizona
87%
17Arizona State
87%
19Colorado
87%
1Colorado College
87%
33Miami (FL)
87%
5Miami (OH)
87%
26Iowa
85%
2Iowa Pre-Flight
85%
10Kentucky
85%
43LSU
85%
15Minnesota
85%
14North Carolina State
85%
10South Carolina
85%
11Texas Tech
85%
14Kansas St.
84%
15Syracuse
84%
9Virginia
84%
40Auburn
82%
18Missouri
82%
48Nebraska
82%
21Pittsburgh
82%
11Utah
82%
16Baylor
81%
26Mississippi
81%
21TCU
81%
16Duke
79%
24Georgia Tech
79%
13Illinois
79%
6Indiana
79%
3Iowa St.
79%
11Louisville
79%
20Virginia Tech
79%
3Colorado State
77%
15Houston
77%
18Maryland
77%
20Stanford
77%
7Air Force
76%
29Arkansas
76%
13Boise State
76%
19BYU
76%
14Navy
76%
16Purdue
76%
3Rutgers
76%
20West Virginia
76%
4Yale
76%
15Mississippi State
74%
5UCF
74%
3Vanderbilt
74%
4Wyoming
74%
15Army (NY)
73%
14California
73%
3San Diego State
73%
1Boston
71%
13Northwestern
71%
8Tulane
71%
1New Mexico State
69%
2South Florida
69%
8Cincinnati
68%
4Princeton
66%
1Nevada
65%
5Wake Forest
63%
14Boston College
61%
8Tulsa
61%
3Memphis
60%
11SMU
60%
1Buffalo
58%
2Louisiana
58%
2Hawaii
55%
4Toledo
55%
4Fresno State
53%
1Temple
53%
7Rice
52%
1Western Michigan
48%
1Ball State
47%
1Central Michigan
47%
2Columbia
47%
5Dartmouth
47%
1Liberty
45%
3Marshall
44%
1Bowling Green
42%
5Cornell
40%
1Appalachian State
39%
1Coastal Carolina
39%
1Troy
37%
4Utah State
37%
1Northern Illinois
35%
3Southern Miss
34%
1Western Kentucky
34%
1Georgetown
32%
3Villanova
32%
1Delaware
27%
2San Jose State
27%
1Lafayette
26%
1San Francisco
24%
1Marquette
19%
5Holy Cross
16%
3William & Mary
16%
6Fordham
15%
1St. Mary's
15%
1St. Mary's Pre-Flight
15%
2Eastern Carolina
13%
1Virginia Military Institute
13%
3Duquesne
11%
6Santa Clara
11%
2Pacific
8%
2Great Lakes Naval
6%
1Carnegie Mellon
5%
12nd Air Force
2%
2Bainbridge Naval
2%
1Randolph Field
2%
1Del Monte Pre-Flight
0%
1El Toro Marines
0%
1Fort Pierce Naval
0%
1Hardin-Simmons
0%
2March Field/4th AF
0%
1Norman Pre-Flight
0%
1Washington & Lee
0%

Score Distribution

Percentile by Number Answered

Percent of People with Each Score

Your Score History

You have not taken this quiz